Android : jednoduše /

Hlavní autor: Herodek, Martin
Jazyk: Čeština
Vydáno: Brno : Computer Press, 2014
Vydání: 2. aktualiz. vyd.
Edice: Naučte se za víkend (Computer Press)
Jednoduše (Computer Press)
Témata:
Externí odkaz: Digitalizovaný dokument
Fyzický popis: 128 s. : il. ; 21 cm
Knihy
Uloženo v:
LEADER 02118nam a2200541 a 4500
001 nkc20142608531
003 CZ PrNK
005 20231121152328.0
007 ta
008 140714s2014 xr a e f 001 0 cze
015 |a cnb002608531 
020 |a 978-80-251-4298-1  |q (brož.) 
035 |a (OCoLC)892781129 
040 |a OLA001  |b cze 
072 7 |a 004  |x Počítačová věda. Výpočetní technika. Informační technologie  |2 Konspekt  |9 23 
080 |a 621.395.721.5:004.388  |2 MRF 
080 |a 004.382.76  |2 MRF 
080 |a 004.451.9Android  |2 MRF 
080 |a (035)  |2 MRF 
100 1 |a Herodek, Martin  |7 xx0150252  |4 aut 
245 1 0 |a Android :  |b jednoduše /  |c Martin Herodek 
246 1 4 |a Android jednoduše 
250 |a 2. aktualiz. vyd. 
260 |a Brno :  |b Computer Press,  |c 2014 
300 |a 128 s. :  |b il. ;  |c 21 cm 
490 1 |a Naučte se za víkend 
490 1 |a Jednoduše 
500 |a Obálkový podnázev: ovládněte svůj chytrý telefon a tablet 
500 |a Obsahuje rejstřík 
650 0 7 |a chytré mobilní telefony  |7 ph556910  |2 czenas 
650 0 7 |a tablety (počítače)  |7 ph608638  |2 czenas 
650 0 7 |a Android (operační systém)  |7 ph636353  |2 czenas 
650 0 9 |a smartphones  |2 eczenas 
650 0 9 |a tablet computers  |2 eczenas 
650 0 9 |a Android (operating system)  |2 eczenas 
655 7 |a příručky  |7 fd133209  |2 czenas 
655 9 |a handbooks and manuals  |2 eczenas 
830 0 |a Naučte se za víkend (Computer Press)  |0 s 
830 0 |a Jednoduše (Computer Press)  |0 s 
856 4 1 |u http://www.digitalniknihovna.cz/mzk/uuid/uuid:bb251700-ed8a-11e8-a5a4-005056827e52  |y Digitalizovaný dokument  |x NDK 
910 2 |a BOA001  |b 2-1331.225 
928 9 |a Albatros Media - Computer Press 
990 |a BK 
995 |a 01 
991 |b 201408  |c NOV  |e n 
996 6 |b 2610600836  |c 2-1331.225  |l MZK  |r Sklad / do 1 hodiny  |n 3  |p p.v.  |w 001445203  |u 000010  |a 1  |e BOA001  |j MZK50  |s P 
996 6 |b 2610607165  |c 2-1331.225  |l MZK  |r STM 6p  |n 0  |p kup  |h 004.4 HER  |w 001445203  |u 000020  |a 0  |e BOA001  |j MZK50  |s P 
996 7 |b 2610607166  |c 2-1331.225  |l MZK  |r Sklad / do 1 hodiny  |n 14  |p kup  |w 001445203  |u 000030  |a 1  |e BOA001  |j MZK50  |s A